| 000 | 00576nam a2200145Ia 4500 | ||
|---|---|---|---|
| 008 | 140724s9999 xx 000 0 und d | ||
| 050 |
_aP 91 _b.Ar668 2011 |
||
| 100 | _aArce, Mary Camille S. | ||
| 245 |
_aEffectiveness of department of health's communication strategies used in promoting anti-smoking in Metro Manila : _bBasis for a PR Campaign / _cMary Camille S. Arce. |
||
| 260 |
_aLas PiƱas, Philippines : _bSouthville International School and Colleges, _cc2011. |
||
| 300 |
_a102 p. : _bill. ; _c28 cm. |
||
| 521 | _aMass Communication | ||
| 942 | _cTH | ||
| 999 |
_c228882 _d228882 |
||